000 00841nam a2200229 i 4500
001 129728
003 ES-MaACL
005 20250920063100.0
007 t|
008 070704n1900 fr ||||1| fre d
080 _a16
100 1 _aMill, John Stuart,
_d1806-1873
_981119
245 1 2 _aA system of logic ratiocinative and inductive
_b: being a connected view of the principles of evidence and the methods of scientific investigation /
_cby John Stuart Mill.
260 _aLondon ;
_aNew York :
_bGeorge Routledge and sons,
_c[s.a.]
300 _a571 p. ;
_c19 cm.
490 1 _aSir John Lubbock's hundred books
500 _aBiblioteca Jacinto Martínez Lacalle.
650 4 _aLógica.
_914693
830 0 _aSir John Lubbock's hundred books
_9184872
852 _aES-MaACL
_jE-11816
_bR.138992
999 _c129728
_d129728